Tratado de derecho notarial

Guardat en:
Dades bibliogràfiques
Autor principal: Gaete González, Eugenio Alberto
Format: Desconegut
Idioma:anglès
Publicat: Santiago, Chile Thomson Reuters 2020
Matèries:
Etiquetes: Afegir etiqueta
Sense etiquetes, Sigues el primer a etiquetar aquest registre!

MARC

LEADER 00000 a2200000 4500
003 CL-VaPUC
005 20210118122841.0
008 210112b ||||| |||| 00| 0 eng d
999 |c 432542  |d 432540 
020 |a 978-956-400-136-4 
040 |c Pontificia Universidad Católica de Valparaíso 
082 |a 347.016 GAE 2020 
100 |a Gaete González, Eugenio Alberto   |9 859420 
245 |a Tratado de derecho notarial  
260 |a Santiago, Chile   |b Thomson Reuters  |c 2020 
300 |a 2 tomos  
583 |k Cristina Rojas  |c 20210113 
650 |a Derecho notarial  |9 326137 
942 |2 ddc  |c BK 
952 |0 0  |1 0  |2 ddc  |4 0  |6 347_016000000000000_GAE_2020  |7 0  |8 A  |9 577479  |a BIBDER  |b BIBDER  |d 2021-01-12  |e 31  |g 0.00  |h t.2  |i 5619351  |l 8  |o 347.016 GAE 2020  |p 5619351  |r 2024-05-22  |s 2024-05-22  |t 1  |v 0.00  |w 2021-01-12  |y BK  |k DER 
952 |0 0  |1 0  |2 ddc  |4 0  |6 347_016000000000000_GAE_2020  |7 0  |8 A  |9 577480  |a BIBDER  |b BIBDER  |d 2021-01-12  |e 31  |g 0.00  |h t.1  |i 5619513  |l 4  |o 347.016 GAE 2020  |p 5619513  |r 2024-05-09  |s 2024-05-09  |t 1  |v 0.00  |w 2021-01-12  |y BK  |k DER